MARC details
| 000 -LEADER |
| fixed length control field |
04117cam a22003974a 4500 |
| 001 - CONTROL NUMBER |
| control field |
14375273 |
| 003 - CONTROL NUMBER IDENTIFIER |
| control field |
GZU |
| 005 - DATE AND TIME OF LATEST TRANSACTION |
| control field |
20210504154445.0 |
| 008 - FIXED-LENGTH DATA ELEMENTS--GENERAL INFORMATION |
| fixed length control field |
060512s2006 nyu b 000 0 eng |
| 010 ## - LIBRARY OF CONGRESS CONTROL NUMBER |
| LC control number |
2006016050 |
| 020 ## - INTERNATIONAL STANDARD BOOK NUMBER |
| International Standard Book Number |
0826418953 |
| 020 ## - INTERNATIONAL STANDARD BOOK NUMBER |
| International Standard Book Number |
9780826418951 |
| 020 ## - INTERNATIONAL STANDARD BOOK NUMBER |
| International Standard Book Number |
0826419070 (pbk.) |
| 020 ## - INTERNATIONAL STANDARD BOOK NUMBER |
| International Standard Book Number |
9780826419071 (pbk.) |
| 035 ## - SYSTEM CONTROL NUMBER |
| System control number |
(OCoLC)ocm69027965 |
| 035 ## - SYSTEM CONTROL NUMBER |
| System control number |
(OCoLC)69027965 |
| 040 ## - CATALOGING SOURCE |
| Original cataloging agency |
DLC |
| Transcribing agency |
DLC |
| Modifying agency |
YDX |
| -- |
BAKER |
| -- |
YDXCP |
| -- |
COO |
| -- |
DLC |
| 042 ## - AUTHENTICATION CODE |
| Authentication code |
pcc |
| 050 00 - LIBRARY OF CONGRESS CALL NUMBER |
| Classification number |
BT60 |
| Item number |
.MAC 2006 |
| 100 1# - MAIN ENTRY--PERSONAL NAME |
| Personal name |
Mackey, James P. |
| Fuller form of name |
(James Patrick), |
| Dates associated with a name |
1934- |
| Relator term |
author |
| 245 10 - TITLE STATEMENT |
| Title |
Christianity and creation : |
| Remainder of title |
the essence of the Christian faith and its future among religions : a systematic theology / |
| Statement of responsibility, etc. |
James P. Mackey. |
| 260 ## - PUBLICATION, DISTRIBUTION, ETC. |
| Place of publication, distribution, etc. |
New York : |
| Name of publisher, distributor, etc. |
Continuum, |
| Date of publication, distribution, etc. |
2006. |
| 300 ## - PHYSICAL DESCRIPTION |
| Extent |
xix, 403 p. ; |
| Dimensions |
23 cm. |
| 500 ## - GENERAL NOTE |
| General note |
Includes bibliographical references (p. xviii-xix). |
| 504 ## - BIBLIOGRAPHY, ETC. NOTE |
| Bibliography, etc. note |
Includes bibliographical references (p. xviii-xix). |
| 505 0# - FORMATTED CONTENTS NOTE |
| Formatted contents note |
Prologue: The lapses in Christian theology at the end of the second millennium -- History and faith -- Revelation and history -- The Bible as revelation, history, literature -- Sin and salvation in nature and history -- Nature and grace -- Creation -- The franchise theology that the lapses left in place and some tragic consequences thereof -- The case for a full-blown Christian theology of creation -- The essence of the faith of Jesus the Jew -- Creation -- The Bible as the foundation myth of Christianity -- The Christian myth of creation -- Images of agencies involved in the creation of the world -- A borrowed theology : the first Christian theology of creation -- The Christian theology of creation in the modern era -- Fall -- The myth of the fall -- The fall in the Christian theological tradition -- The biblical account of the fall and original sin in summary -- Salvation -- The biblical story of salvation -- Salvation by Jesus -- Salvation from sin -- Salvation on the cross : the way to the Cross--the challenge of Jesus to Torah and Temple -- The images of salvation through the cross -- The traditional theology of salvation -- God -- The full, flowing biblical myth of divine incarnation -- The Christian incarnation myth and the confession of the divinity of Jesus -- The theology of the incarnate one : Christology -- The Christian myth of Trinity -- The Christian theology of trinity -- The three overnight camping sites on the 'mystical' way -- In summary: Columbanus on how to preach and receive a trinitarian faith -- Christianity : the religion that developed from the faith of Jesus the Jew -- Credo -- The definition of religion -- The credo as scripture -- The credo as creed -- The credo as theology -- Code -- Is there a Christian morality? -- Human codes and divine covenants -- The new covenant ratified in the blood of Christ : the (re)new(ed) code given down from the mountain -- The covenant mediated by Jesus and its moral principles -- The church's codification of Jesus's renewed covenant of creation and what the churches made of it -- Judgment -- The variety of judgment myths in the Bible -- The second (or more) coming(s) -- Cult -- Sacraments -- Baptism -- Eucharist -- Other Christian sacraments -- Constitution -- Epilogue: Christianity and other religions -- The essence of Christianity : the covenant of creation -- Christianity and religion -- The nature of grace -- Revelation : reason and faith -- Religions. |
| 650 #0 - SUBJECT ADDED ENTRY--TOPICAL TERM |
| Topical term or geographic name entry element |
Christianity |
| General subdivision |
Essence, genius, nature. |
| 650 #0 - SUBJECT ADDED ENTRY--TOPICAL TERM |
| Topical term or geographic name entry element |
Christianity |
| General subdivision |
Forecasting. |
| 650 #0 - SUBJECT ADDED ENTRY--TOPICAL TERM |
| Topical term or geographic name entry element |
Christianity and other religions. |
| 856 41 - ELECTRONIC LOCATION AND ACCESS |
| Materials specified |
Table of contents only |
| Uniform Resource Identifier |
<a href="http://www.loc.gov/catdir/toc/ecip0614/2006016050.html">http://www.loc.gov/catdir/toc/ecip0614/2006016050.html</a> |
| 856 42 - ELECTRONIC LOCATION AND ACCESS |
| Materials specified |
Contributor biographical information |
| Uniform Resource Identifier |
<a href="http://www.loc.gov/catdir/enhancements/fy1116/2006016050-b.html">http://www.loc.gov/catdir/enhancements/fy1116/2006016050-b.html</a> |
| 856 42 - ELECTRONIC LOCATION AND ACCESS |
| Materials specified |
Publisher description |
| Uniform Resource Identifier |
<a href="http://www.loc.gov/catdir/enhancements/fy1213/2006016050-d.html">http://www.loc.gov/catdir/enhancements/fy1213/2006016050-d.html</a> |
| 906 ## - LOCAL DATA ELEMENT F, LDF (RLIN) |
| a |
7 |
| b |
cbc |
| c |
orignew |
| d |
1 |
| e |
ecip |
| f |
20 |
| g |
y-gencatlg |
| 942 ## - ADDED ENTRY ELEMENTS (KOHA) |
| Source of classification or shelving scheme |
Library of Congress Classification |
| Koha item type |
Books |
| Classification part |
60 |
| Item part |
MAC |
| Call number prefix |
BT |